Movies Quiz

Random Movies Quiz

Movie Cast Match (2015) Quiz Stats

Quiz not verified by Sporcle

Also try: Han Solo Quotes
Challenge
Share
Tweet
Embed
Score 0/20 Timer 04:00
0 Plays Today
% Correct
Magic Mike XXL
91.7%
Terminator Genisys
89.3%
Jurassic World
86.6%
Minions
84.2%
Insurgent
79.4%
Jupiter Ascending
77.9%
Mortdecai
76.1%
Focus
74.8%
Southpaw
69.3%
The Second Best Exotic Marigold Hotel
67.5%
% Correct
The Age of Adaline
65.1%
Chappie
56.8%
Run All Night
54.8%
Ricki and the Flash
52%
Woman in Gold
50.7%
The Gunman
47.1%
Danny Collins
42.5%
Maps to the Stars
38.8%
Spare Parts
33.3%
The Sea of Trees
30.9%

You're not logged in!

Compare scores with friends on all Sporcle quizzes.
Join for Free
OR
Log In

You Might Also Like...

Show Comments

Extras

Created Jul 9, 2015SourceReportNominate
Tags:Movie Cast

Top Quizzes Today


Score Distribution

Your Account Isn't Verified!

In order to create a playlist on Sporcle, you need to verify the email address you used during registration. Go to your Sporcle Settings to finish the process.

Report this User

Report this user for behavior that violates our Community Guidelines.

Details: